00713nam a2200217 i 450000100060000000300090000600500170001500700030003200800410003502000180007610000210009424501680011526000400028330000300032350000120035350400200036565000250038570000240041070000290043485200320046384663ES-MaACL20250720204358.0t|041123s1982 sp ||||1| spa d a84-252-1091-71 aJencks, Charles.10aArquitectura tardomoderna y otros ensayos / cCharles Jencks ; [versión castellana de Justo G. Beramendi ; revisión bibliográfica por Xavier Güell i Guix]. aBarcelona : bGustavo Gili, c1982. a200 p. : bil. ; c29 cm. aIndice. aBibliografía.04aArquitectura-yS.XX.1 aBeramendi, Justo G.1 aGüell, Xavier, d1950- aES-MaACLjL-9072 bR.111056